| 000 | 00587nam a2200181 a 4500 | ||
|---|---|---|---|
| 005 | 20140412111232.0 | ||
| 008 | 010523s19uu xx 00 eng d | ||
| 020 | _a971-121-049-5 | ||
| 050 |
_aFil 398.2 _bA72 1980 |
||
| 100 | _aAlonzo, Roberto | ||
| 245 |
_aIbong Adarna : _bmahiwagang ibon na gamot ang awit / _cre-told by Roberto Alonzo; illustrated by Gualberto R. Ortega. |
||
| 260 |
_aQuezon City : _bChildren's Communication Center, _c1980. |
||
| 300 | _a1v. (unp.) ; ill. | ||
| 440 | _aAklat ng Lahi | ||
| 650 | _aFolk Tales, Philippine | ||
| 999 |
_c102249 _d102249 |
||